000
00303nam a22001217a 4500
003
OSt
008
250211b |||||||| |||| 00| 0 eng d
041
_a
eng
100
_a
Venugopal, KR
_9
7114
245
_a
d Base 111 plus made simple with d Base W and Fox Base
700
_a
Vimala, HS
_9
7115
942
_c
BK
999
_c
19345
_d
19345